| 000 | 00717nam a2200193 i 4500 | ||
|---|---|---|---|
| 001 | 51782 | ||
| 003 | ES-MaACL | ||
| 005 | 20230906162433.0 | ||
| 007 | t| | ||
| 008 | 030819s1925 sp ||||1| spa d | ||
| 100 | 1 |
_aDantín Cereceda, Juan, _d1881-1943 _942666 |
|
| 245 | 1 | 0 |
_aDistribución geográfica de la población de Galicia / _cpor Juan Dantin Cereceda. |
| 260 |
_aMadrid : _b[.n.], _c1925 ( _fHernando) |
||
| 300 |
_a40 p., 1 map. ; _c24 cm. |
||
| 500 | _aPrecede al tít.: Junta para Ampliación de Estudios e Investigaciones Científicas. | ||
| 710 | 2 |
_aJunta para la Ampliación de Estudios e Investigaciones Científicas. _95413 |
|
| 852 |
_aES-MaACL _j1692-F-4 _bR.5402 |
||
| 999 |
_c51782 _d51782 |
||